书目信息 |
| 题名: |
医学教学方法
|
|
| 作者: | 方家志 , 万学红 主编 | |
| 分册: | ||
| 出版信息: | 北京 人民卫生出版社 2003.03 |
|
| 页数: | 246页 | |
| 开本: | 20cm | |
| 丛书名: | ||
| 单 册: | ||
| 中图分类: | R-42 | |
| 科图分类: | ||
| 主题词: | 医学教育--医学院校--教学方法 | |
| 电子资源: | ||
| ISBN: | 7-117-05396-8 | |
| 000 | 00685nam0 2200229 45 | |
| 001 | 012003000001 | |
| 005 | 20040920165455.0 | |
| 010 | @a7-117-05396-8@dCNY14.00 | |
| 100 | @a20041014d2003 ekmy0chiy50 ea | |
| 101 | 0 | @achi |
| 102 | @aCN@b110000 | |
| 105 | @ay z 000yy | |
| 200 | 1 | @a医学教学方法@Ayi xue jiao xue fang fa@f方家志,万学红主编@Ffang jia zhi,wan xue hong zhu bian |
| 210 | @a北京@c人民卫生出版社@d2003.03 | |
| 215 | @a246页@d20cm | |
| 606 | 0 | @a医学教育@x医学院校@j教学方法 |
| 690 | @aR-42@v4 | |
| 701 | 0 | @a方家志@Afang jia zhi@4主编 |
| 701 | 0 | @a万学红@Awan xue hong@4主编 |
| 801 | 0 | @aCN@bBZT@c20041014 |
| 905 | @aBZT@dR-42@e1@f6 | |
| 906 | @dCNY14.00@n0@r1 | |
| 医学教学方法/方家志,万学红主编.-北京:人民卫生出版社,2003.03 |
| 246页;20cm |
| ISBN 7-117-05396-8:CNY14.00 |
| ● |
| 相关链接 |
|
|
|
正题名:医学教学方法
索取号:R-42/1
 
预约/预借
| 序号 | 登录号 | 条形码 | 馆藏地/架位号 | 状态 | 备注 |
| 1 | 2001062248 | 2001062248 | 样本书库/样008架A面2层3列/ [索取号:R-42/1] | 在馆 |